00492nam a22001337a 4500008004100000020001500041050002200056100002600078245010800104250001200212260004200224300006500266650002700331171108b xxu||||| |||| 00| 0 eng d a9966854886 aPE 1128 .D68 2014 aDaniel, Rotichd2014. aDevelopment of Educational Publishing in Kenya/bImplications of Market Liberalisation.cDaniel, Rotich a1st ed. aKenya:bKijabe printing press,c2014. axiv, 170p. : ill.bincudes bibliographical references.c24cm aEducational publishing